Sidewinder's Cricket Quiz I - Statistics

General Stats
  • This quiz has been taken 433 times
  • The average score is 6 of 10
Answer Stats
Hint Answer % Correct
How many countries participated in the ODI Cricket World Cup 2011? 14
91%
Who was the first player to cross 10,000 run mark in ODI cricket? Sachin Tendulkar
86%
In the name, Brian C. Lara, what does the alphabet C stand for? Charles
77%
Can you name the batsmen who has made most runs after SRT in ODI cricket? Ricky Ponting
73%
Which IPL franschise is Australian George Bailey associated with? Chennai Super Kings
54%
Hollywood Actor Russell Crowe is a cousin of which famous international cricketer? Martin Crowe
54%
Name the Pakistan coach who died during the 2007 World Cup Bob Woolmer
43%
Which team did the Rajasthan Royals beat in the semi-finals of the 2008 IPL? Delhi Daredevils
37%
Edgbaston Cricket Ground is home to what English county Warwickshire
31%
What trophy is awarded to the winner of an West Indies vs Australia test series Frank Worrell Trophy
10%
No matching quizzes found
Score Distribution
Percent of People with Each Score
Percentile by Number Answered
Your Score History
You have not taken this quiz